00495nam a2200169Ia 4500999001700000003000400017005001700021008004100038040000900079082001800088100003000106245005700136260006500193300000900258650001500267942004300282 c35218d35218OSt20201222110255.0190216s9999||||xx |||||||||||||| ||und|| coclc a954.04bGOV/I aGovernment Of India91019 0aIndia A Reference Annual 1968 /cGovernment Of India bMinistry Of Information And Broadcasting,c1968.aNew Delhi: a626p aReferences cREF2ddch954.04iGOV/Ik954.04mGOV/I